000 00697nam a2200217Ia 4500
008 191130s2004##################000#0#eng##
020 _a9780521814072
022 _a2003055141
040 _aACL
_cACL
082 _a330.01519232 ZEL
245 _aThe structural econometric time series analysis approach
_cedited by Arnold Zellner and Franz C. Palm
260 _aCambridge
_bCambridge University Press
_c2004
300 _axv, 718 p. : ill. ; 24 cm
500 _aIncludes bibliographical references and indexes
650 _aEconometric models
700 _aPalm, Franz C
700 _aZellner, Arnold
990 _a2a5c0e38ac10000c5c9ebb8a2b4b31d2
991 _a22231
999 _c71737
_d71737